Despertar el alma de la empresa : cómo crear un entorno laboral adecuado para liberar el potencial de las personas en el trabajo /

-д хадгалсан:
Номзүйн дэлгэрэнгүй
Үндсэн зохиолч: Klein, Eric (autor)
Бусад зохиолчид: Izzo, John B. (autor) (autor)
Формат: Ном
Хэл сонгох:испани
Хэвлэсэн: Barcelona, España : Oniro, 1999, c1999
Цуврал:(Empresa y Desarrollo Personal ; 3)
Нөхцлүүд:
Шошгууд: Шошго нэмэх
Шошго байхгүй, Энэхүү баримтыг шошголох эхний хүн болох!

MARC

LEADER 00000nam^a2200000^a^4500
001 000108840
005 20250521000000.0
009 20260310093700.919
020 |a 84-89920-75-3 
037 |a Acervo ITESO - Biblioteca 
041 |a ESP 
082 |a 658. 3145  |b KLE 
100 |a Klein, Eric  |e (autor) 
245 1 0 |a Despertar el alma de la empresa :  |b cómo crear un entorno laboral adecuado para liberar el potencial de las personas en el trabajo /  |c E. Klein, J.B. Izzo ; tr. por Miguel Portillo. 
264 4 |a Barcelona, España :  |b Oniro,  |c 1999, c1999 
300 |a 270 p. 
336 |a texto  |b txt  |2 rdacontenido 
337 |a sin mediación  |b n  |2 rdamedio 
338 |a volumen  |b nc  |2 rdasoporte 
440 1 |a (Empresa y Desarrollo Personal ;  |v 3) 
500 |a Traducción de: Awakening corporate soul: four paths to unleash the power of people at work 
649 |a XX 
650 |a Empresas 
650 |a Clima Organizacional 
650 |a Recursos Humanos 
650 |a Liderazgo 
650 |a Proceso Administrativo -  |x Dirección 
650 |a Administración 
650 |a Ciencias Administrativas 
650 |a Comunicación Personal 
650 |a Superación Personal y Autoayuda 
650 |a Trabajo -  |x Aspectos Psicológicos 
700 |a Izzo, John B.  |e (autor) 
910 |a Fondo General 
920 |a Impresos - Libros 
930 |a Colección General 
905 |a 101 
901 |a 0500045924  |b IT1  |c ACC  |u 20250521 
902 |a https://opac.biblio.iteso.mx/vufind/Record/000108840